Elecciones Alcalde-Consejo-JAL Bogotá Distrito Capital, resultados escrutinios, noviembre 8 de 2000 (Registro nro. 31571)

Detalles MARC
000 -ENCABEZADO
Número de control [NR] 00749nam a2200181Ia 4500
008 - DE LONGITUD FIJA DE DATOS DE ELEMENTOS - INFORMACIÓN GENERAL
Elementos de longitud fija [NR] 130821s2000 ck gs spa
040 ## - FUENTE DE CATALOGACION [NR]
Agencia de catalogación original [NR] Co-BoUCM
Idioma de catalogación [NR] spa
041 00 - CODIGO DE IDIOMA [R]
Código de idioma para texto/pista de sonido o título separado [R] Español
092 ## - SIGNATURA TOPOGRAFICA LOCAL
Número de clasificación local CD 0134
110 ## - ASIENTO PRINCIPAL--NOMBRE CORPORATIVO [NR]
Nombre corporativo o de jurisdicción como elemento de entrada [NR] Bogotá.
Unidad subordinada [R] Alcaldía Mayor.
-- Centro Distrital de Sistematización y Servicios Tecnicos. SISE
245 00 - MENCION DE TITULO [NR]
Título [NR] Elecciones Alcalde-Consejo-JAL Bogotá Distrito Capital, resultados escrutinios, noviembre 8 de 2000
Mención de responsabilidad, etc. [NR] Centro Distrital de Sistematización y Servicios Tecnicos.
260 ## - PUBLICACION, DISTRIBUCION, ETC. (PIE DE IMPRENTA) [R]
Lugar de publicación, distribución, etc. [R] Bogotá (Colombia)
Nombre del editor, distribuidor, etc. [R] SISE
Fecha de publicación, distribución, etc. [R] 2000
300 ## - DESCRIPCION FISICA [R]
Extensión [R] 1 CD-ROM
650 04 - ASIENTO SECUNDARIO DE MATERIA - TERMINO TEMATICO [R]
Término temático o nombre geográfico como elemento de entrada [NR] Ciencia política
9 (RLIN) 340
650 04 - ASIENTO SECUNDARIO DE MATERIA - TERMINO TEMATICO [R]
Término temático o nombre geográfico como elemento de entrada [NR] Elecciones
Subdivisión geográfica [R] Bogotá (Colombia)
Subdivisión cronológica [R] 2000
Subdivisión de forma [R] CD-ROM
9 (RLIN) 13957
650 04 - ASIENTO SECUNDARIO DE MATERIA - TERMINO TEMATICO [R]
Término temático o nombre geográfico como elemento de entrada [NR] Voto
Subdivisión geográfica [R] Bogotá (Colombia)
Subdivisión cronológica [R] 2000
Subdivisión de forma [R] CD-ROM
9 (RLIN) 26369
942 ## - ELEMENTOS DE ENTRADA AGREGADOS (KOHA)
Tipo de ítem principal el descrito en 300a Multimedia
Sistema de clasificación LOCAL
Tema principal Ciencia política
Edición 1
Existencias
Fecha de último préstamo Total préstamos Código de barras Última vez visto Volúmen / Fascículo Ejemplar Price effective from Tipo de ítem Perdido Sistema de clasificación Dañado No prestable Tipo de ítem específico Suprimido Ubicación habitual Ubicación actual Localización Fecha de creación Forma de adquisición Costo
17/01/2024 1 100086617 10/12/2024 CD 0134 Ej.1 03/02/2013 Multimedia   DEWEY     CD-Rom   Claustro Claustro Colección digital 28/02/2003 Compra 23000.00